Máscara transnacional del capitalista o monopolista /

Αποθηκεύτηκε σε:
Λεπτομέρειες βιβλιογραφικής εγγραφής
Κύριος συγγραφέας: Pastorino, Enrique
Μορφή: Κείμενο
Ετικέτες: Προσθήκη ετικέτας
Δεν υπάρχουν, Καταχωρήστε ετικέτα πρώτοι!

MARC

LEADER 00000 a a2200000 04500
001 16394
003
040
100 |a Pastorino, Enrique  
245 |a Máscara transnacional del capitalista o monopolista /  |c Enrique Pastorino 
773 |g número 12; páginas 10-15  
999 |c 25445  |d 25445